Movies Quiz

Random Movies or Actor Quiz

3-Star Movie Characters Quiz Stats

Quiz Updated Jan 3, 2016

Challenge
Share
Tweet
Embed
Score 0/60 Timer 10:00
0 Plays Today
% Correct
Tony Stark
92.2%
Wolverine
91.1%
Bruce Wayne
88.3%
Gandalf the Grey
88.2%
Zorro
81.7%
Ferris Bueller
79.6%
Lord Voldemort
74%
Green Lantern
73.8%
Magneto
72.9%
Morpheus
72.6%
Truman Capote
71.8%
Hank Palmer
68.4%
Inspector Gadget
65.8%
Charlie Chaplin
64.2%
Butch Cassidy
63.4%
Jean Valjean
58.8%
Van Wilder
57.3%
Gabriel Van Helsing
56.8%
Patrick Bateman
56.2%
Harry Osborn
55.4%
Sam Witwicky
53.1%
El Mariachi
52.8%
Deadpool
52.5%
Alexander the Great
49.9%
Ricky 'Wild Thing' Vaughn
48.9%
Ike Turner
48.2%
Wizard of Oz
45.8%
Fast Eddie Felson
43.3%
Harry Burns
43.1%
Plutarch Heavensbee
39.6%
% Correct
John Connor
38.6%
Johnny Castle
38.2%
Stanley Yelnats
37.8%
Bullseye
36.5%
Luigi
35.7%
Gregorio Cortez
35.1%
Miracle Max
34%
Hansel McDonald
33.9%
Lt. Topper Harley
33.1%
Sam Wheat
31.4%
M
26.5%
Sir Leigh Teabing
26.5%
Sonny Crockett
25.8%
Henry 'Mutt Williams' Jones III
25.8%
Bodhi
25.6%
Aron Ralston
24.6%
Tybalt
23.9%
Jasper Woodcock
23%
Bud Fox
22.4%
Henri de Toulouse-Lautrec
21.8%
Ken Hutchinson
21.6%
Lester Bangs
21.5%
Count László de Almássy
19.9%
Davy Crockett
19.8%
Morris Buttermaker
19.4%
Leopold Bloom
18.6%
John Beckwith
17.7%
Perry White
17.7%
Mitch Robbins
14.5%
Reggie 'Reg' Dunlop
12.9%

You're not logged in!

Compare scores with friends on all Sporcle quizzes.
Sign Up with Email
OR
Log In

You Might Also Like...

Show Comments

Extras

Top Quizzes Today


Score Distribution

Your Account Isn't Verified!

In order to create a playlist on Sporcle, you need to verify the email address you used during registration. Go to your Sporcle Settings to finish the process.